|
|
|
|
| LEADER |
01821nam a22003617a 4500 |
| 001 |
37650 |
| 003 |
BD-DhAAL |
| 005 |
20220203160118.0 |
| 008 |
220203t2004 caua b 001 0 eng d |
| 999 |
|
|
|c 43456
|d 43456
|
| 010 |
|
|
|a 2003012383
|
| 020 |
|
|
|a 076193121X (pbk. : alk. paper)
|
| 020 |
|
|
|a 9780761931218
|
| 040 |
|
|
|a DLC
|c DLC
|d DLC
|
| 042 |
|
|
|a pcc
|
| 050 |
0 |
0 |
|a LB1025.3
|b .T55 2004
|
| 082 |
0 |
0 |
|a 371.102
|2 21
|
| 100 |
1 |
|
|a Tileston, Donna Walker.
|9 45438
|
| 245 |
1 |
0 |
|a What every teacher should know about effective teaching strategies /
|c Donna Walker Tileston.
|
| 246 |
3 |
0 |
|a Effective teaching strategies
|
| 260 |
|
|
|a Thousand Oaks, Calif. :
|b Corwin Press,
|c c2004.
|
| 300 |
|
|
|a xviii, 115 pages :
|b illustrations ;
|c 23 cm.
|
| 490 |
1 |
|
|a What every teacher should know about--
|
| 504 |
|
|
|a Includes bibliographical references (pages 109-110) and index.
|
| 505 |
0 |
|
|a Introduction -- Vocabulary pre-test -- Making good decisions about instructional strategies -- Choosing effective teaching strategies for beginning activities -- Working with declarative information : teaching for meaning -- Procedural knowledge : teaching strategies that work -- Graphic organizers : strategies for thinking -- Using verbal strategies in the classroom -- Anatomy of a lesson -- Vocabulary summary -- Vocabulary post-test.
|
| 526 |
|
|
|a BIED
|
| 541 |
|
|
|a Complimentary copy from BIED
|e 37650
|
| 650 |
|
0 |
|a Effective teaching.
|9 45439
|
| 650 |
|
0 |
|a Education.
|9 45440
|
| 800 |
1 |
|
|a Tileston, Donna Walker.
|t What every teacher should know about--
|9 45441
|
| 852 |
|
|
|a Ayesha Abed Library
|c General Stacks
|
| 942 |
|
|
|2 ddc
|c BK
|
| 952 |
|
|
|0 0
|1 0
|2 ddc
|4 0
|6 371_102000000000000_TIL
|7 0
|9 69727
|a BRACUL
|b BRACUL
|c GEN
|d 2022-02-03
|e Complimentary copy from BIED
|l 0
|o 371.102 TIL
|p 3010037650
|r 2022-02-03
|t 1
|w 2022-02-03
|y BK
|x BIED-3344
|